• 首页
  • 本馆介绍
  • 公告通知
  • 最新文献
  • 馆藏检索
  • 电子资源
  • 读者导购
  • 参考咨询
  • 我的图书馆
  • 登录
  • 详细信息显示
  • 放入我的书架
  • 预约/预借图书
  • 作者相关作品
  • 分类相关作品
  • 丛书相关作品
  • 出版社相关作品

书目信息

  • 表格格式
  • 工作单格式
  • 卡片格式
题名:
体育史
    
 
作者: 《体育史》教材编写组
分册:  
出版信息: 北京   高等教育出版社  1996.6
页数: 330页
开本: 20cm
丛书名:
单 册:
中图分类: G811.9
科图分类:
主题词: 体育事业--世界
电子资源:
ISBN: 7-04-005661-5
000 00578nam0 2200205 45
001 0011200958
005 20070717104036.39
010    @a7-04-005661-5@dCNY11.30
100    @a20001120d1996 km y0chiy0120 ea
101 0  @achi
200 1  @a体育史@ATi Yu Shi@f《体育史》教材编写组@F《Ti Yu Shi》Jiao Cai Bian Xie Zu
205    @a2版
210    @a北京@c高等教育出版社@d1996.6
215    @a330页@d20cm
300    @a高等学校教材
606 0  @a体育事业@y世界
690    @aG811.9@v2
701  0 @a《体育史》教材编写组
801    @aCN@bTSTC@c20070717
905    @dG811.9@e25=2@f4@b293012-015
    
    体育史/《体育史》教材编写组.-2版.-北京:高等教育出版社,1996.6
    330页;20cm
    高等学校教材
    
    ISBN 7-04-005661-5:CNY11.30
    
●
相关链接 在E读中查询图书 在五车中查询图书 在当当中查询图书 在豆瓣中查询图书


正题名:体育史     索取号:G811.9/25=2         预约/预借

序号 登录号 条形码 馆藏地/架位号 状态 备注
1 0293012   002930127   密集书库/ [索取号:G811.9/25=2] 在馆    
2 0293013   002930136   第四借阅区/ [索取号:G811.9/25=2] 在馆    
3 0293014   002930145   密集书库/ [索取号:G811.9/25=2] 在馆    
4 0293015   002930154   第四借阅区/ [索取号:G811.9/25=2] 在馆    
5 0293016   002930163   第一样本阅览室/ [索取号:G811.9/25=2] 在馆    
6 0494115   204941153   密集书库/ [索取号:G811.9/25=2] 在馆    
7 0494161   204941616   密集书库/ [索取号:G811.9/25=2] 在馆    
8 0764749   207647493   密集书库/ [索取号:G811.9/25=2] 在馆    
9 0765644   207656446   密集书库/ [索取号:G811.9/25=2] 在馆    
10 0765916   207659167   密集书库/ [索取号:G811.9/25=2] 在馆    
11 0767196   207671964   密集书库/ [索取号:G811.9/25=2] 在馆    
12 0768190   207681908   密集书库/ [索取号:G811.9/25=2] 在馆    
13 0770430   207704304   密集书库/ [索取号:G811.9/25=2] 在馆    
唐山师范学院图书馆 欢迎您!
大连网信软件有限公司© 版权所有